| 000 | 00577nam a2200193Ia 4500 | ||
|---|---|---|---|
| 003 | OSt | ||
| 005 | 20260608143536.0 | ||
| 008 | 210210b2002 xxu||||| |||| 00| 0 eng d | ||
| 040 | _cAL | ||
| 041 | _aKonkani | ||
| 082 | _a891.462 PINM | ||
| 100 |
_aPINTAM DEREBAIL. _dಪಿಂತಾಮ್ ದೇರೆಬೈಲ್ _9265512 |
||
| 245 |
_aMhaka kityak disana ?. _bಮ್ಹಾಕಾ ಕಿತ್ಯಾಕ್ ದಿಸಾನಾ ? |
||
| 260 |
_aMumbai. _bDivo Prakashan., _c2002 |
||
| 300 | _avii,39 | ||
| 690 |
_aKonkani Drama _9265513 |
||
| 906 | _a057993 | ||
| 942 |
_2ddc _cBK |
||
| 999 |
_c105515 _d105515 |
||